A description of Patagonia, and the adjoining parts of South America

保存先:
書誌詳細
第一著者: Falkner, Thomas (著者)
フォーマット: 図書
言語:英語
出版事項: Londres C. Pugh 1774
版:1a. ed
主題:
オンライン・アクセス:portada
タグ: タグ追加
タグなし, このレコードへの初めてのタグを付けませんか!

MARC

LEADER 00000nam a2200000 a 4500
001 UCJ3623
003 CL-VaPUC
008 070124e17740000UK |||||||||||||||||eng|d
082 0 4 |a 910.4  |b FAL  |2 21 
100 0 |a Falkner, Thomas  |e author  |9 505663 
245 1 2 |a A description of Patagonia, and the adjoining parts of South America 
250 |a 1a. ed 
300 |a 144 p 
942 |c BK 
945 |d 20070124 00:00:00  |a rinostro 
260 |a Londres  |b C. Pugh  |c 1774 
500 |a 4§, pasta.- h. prel.- Port.- v. bl.- Libro finamente empastado, contiene además, dos mapas de la parte Sur de América del Sur, el primero de los cuales es una reproducción de uno confeccionado en 1772 
600 0 7 |a GODOLPHIN, WILLIAM  |2 CL-VaPUC  |9 505664 
650 0 |a Viajes  |9 257115 
650 7 |a FLORA  |2 CL-VaPUC  |9 264745 
650 7 |a FAUNA  |2 CL-VaPUC  |9 349523 
650 7 |a RELIEVE  |2 CL-VaPUC  |9 434177 
650 7 |a OROGRAFIA  |2 CL-VaPUC  |9 267347 
650 0 |a Rios  |9 261760 
650 0 |a Gobierno   |9 255508 
650 0 |a Lenguas  |9 324269 
650 7 |a INDIOS  |2 CL-VaPUC  |9 258588 
650 0 |a Recursos naturales  |9 255232 
650 0 |a Minerales   |9 264051 
650 7 |a HUILLICHES  |2 CL-VaPUC  |9 505665 
650 0 |a Tehuelches  |9 308511 
650 0 |a Fueguinos  |9 417010 
650 7 |a PATAGONES  |2 CL-VaPUC  |9 409993 
650 7 |a PUELCHES  |2 CL-VaPUC  |9 505666 
650 0 |a Creencias  |9 313510 
650 7 |a RITOS FUNERARIOS  |2 CL-VaPUC  |9 458661 
650 7 |a CARTOGRAFIA COLONIAL  |2 CL-VaPUC  |9 505667 
650 0 |a Mapas  |9 260844 
650 7 |a LIBRO RARO  |2 CL-VaPUC  |9 504169 
650 0 |a Esclavos  |9 258558 
650 7 |a HERALDICA  |2 CL-VaPUC  |9 388228 
650 7 |a EX LIBRIS  |2 CL-VaPUC  |9 505186 
651 0 |a Patagonia  |9 269580 
651 0 |a Tierra del Fuego   |9 345728 
651 0 |a Río de La Plata  |9 357809 
651 7 |a MONTEVIDEO  |2 CL-VaPUC  |9 368778 
651 7 |a MALDONADO  |2 CL-VaPUC  |9 505668 
651 0 |a Córdoba  |9 267665 
856 7 |f UCJ3623_01.jpg  |u http://opac.pucv.cl/pucv_img/Img-3500/UCJ3623_01.jpg  |q JEPG  |2 file  |z portada 
583 |a last modification  |c 20070124 00:00:00  |k Rodrigo Vera 
999 |c 319745  |d 319743 
952 |0 0  |1 0  |4 0  |6 910_400000000000000_FAL_1774  |7 0  |8 X  |9 398115  |a FDOBUD  |b FDOBUD  |d 2019-11-22  |i 1006290  |o 910.4 FAL 1774  |p 1006290  |r 2019-11-22  |w 2019-11-22  |y BK_X  |k BUD